000 00367nam a2200121Ia 4500
008 171204s9999 xx 000 0 und d
245 _aOrganic Chemistry: Structure and Function
245 _cK. Peter C. Vollhardt and Neil E. Schore
250 _a7th ed.
260 _c2014
650 _xChemistry-Organic
856 _uhttp://down.ebook777.com/040/9781464120275.pdf
999 _c345482
_d345482